| 000 | 00483nam a2200157 i 4500 | ||
|---|---|---|---|
| 001 | 43476 | ||
| 003 | ES-MaACL | ||
| 005 | 20230906160814.0 | ||
| 007 | t| | ||
| 008 | 030317s1900 xxk ||||1| eng d | ||
| 100 | 1 |
_aCaton, Richard. _937076 |
|
| 245 | 1 | 4 |
_aThe temples and ritual of Asklepios at Epidauros and Athens / _cby Richard Caton. |
| 260 |
_aLiverpool : _bUniversity Press, _c1900. |
||
| 300 |
_a49 p., 1 plano pleg., 33 lám. : _bil. ; _c25 cm. |
||
| 852 |
_aES-MaACL _jA-1190 |
||
| 999 |
_c43476 _d43476 |
||